| 000 | 00408nam a22001577a 4500 | ||
|---|---|---|---|
| 005 | 20221116113822.0 | ||
| 008 | 221116b |||||||| |||| 00| 0 eng d | ||
| 020 | _a9788120346628 | ||
| 082 | _a657.48 GOY | ||
| 100 | _aGoyal, V.K | ||
| 245 |
_aFinancial Accounting _bFor BBA |
||
| 260 |
_aNew Delhi: _bAsoke K.Ghosh; _c2012. |
||
| 300 |
_axvi, 587p: _c23.5 cm |
||
| 650 | _aCE Book | ||
| 942 |
_2ddc _cCE TEXBOOK |
||
| 999 |
_c9200 _d9201 |
||